Chemical Periodicity (Record no. 13417)

MARC details
000 -LEADER
fixed length control field 00477nam a22001937a 4500
001 - CONTROL NUMBER
control field 13417
005 - DATE AND TIME OF LATEST TRANSACTION
control field 20251117131451.0
008 - FIXED-LENGTH DATA ELEMENTS--GENERAL INFORMATION
fixed length control field 251117b |||||||| |||| 00| 0 eng d
020 ## - INTERNATIONAL STANDARD BOOK NUMBER
International Standard Book Number 9780719541353
020 ## - INTERNATIONAL STANDARD BOOK NUMBER
International Standard Book Number 0719541352
082 ## - DEWEY DECIMAL CLASSIFICATION NUMBER
Classification number 541.9
Item number COO
100 ## - MAIN ENTRY--PERSONAL NAME
Personal name D.G. Cooper
9 (RLIN) 26094
245 ## - TITLE STATEMENT
Title Chemical Periodicity
250 ## - EDITION STATEMENT
Edition statement 2nd ed.
260 ## - PUBLICATION, DISTRIBUTION, ETC. (IMPRINT)
Place of publication, distribution, etc London:
Name of publisher, distributor, etc John Murray,
Date of publication, distribution, etc c1984.
300 ## - PHYSICAL DESCRIPTION
Extent 54p.:
Other physical details ill.
Dimensions 22 cm
650 ## - SUBJECT ADDED ENTRY--TOPICAL TERM
Source of heading or term Chemical Periodicity
942 ## - ADDED ENTRY ELEMENTS (KOHA)
Source of classification or shelving scheme Dewey Decimal Classification
Item type Books
Holdings
Withdrawn status Lost status Source of classification or shelving scheme Damaged status Not for loan Home library Current library Shelving location Date acquired Inventory number Total Checkouts Full call number Barcode Date last seen Copy number Price effective from Koha item type Public note
    Dewey Decimal Classification     Main Library Main Library Open Shelves 17/11/2025 9614   541.9 COO bsu25110194 17/11/2025 001 17/11/2025 Books Materials available in hard copy.
    Dewey Decimal Classification     Main Library Main Library Open Shelves 17/11/2025 8776   541.9 COO bsu25110195 17/11/2025 002 17/11/2025 Books Materials available in hard copy.
    Dewey Decimal Classification     Main Library Main Library Open Shelves 17/11/2025 9616   541.9 COO bsu25110197 17/11/2025 003 17/11/2025 Books Materials available in hard copy.
    Dewey Decimal Classification     Main Library Main Library Open Shelves 17/11/2025 9612   541.9 COO bsu25110199 17/11/2025 004 17/11/2025 Books Materials available in hard copy.
    Dewey Decimal Classification     Main Library Main Library Open Shelves 17/11/2025 9611   541.9 COO bsu25110201 17/11/2025 005 17/11/2025 Books Materials available in hard copy.
    Dewey Decimal Classification     Main Library Main Library Open Shelves 17/11/2025 9614   541.9 COO bsu25110202 17/11/2025 006 17/11/2025 Books Materials available in hard copy.
    Dewey Decimal Classification     Main Library Main Library Open Shelves 17/11/2025 9615   541.9 COO bsu25110203 17/11/2025 007 17/11/2025 Books Materials available in hard copy.
    Dewey Decimal Classification     Main Library Main Library Open Shelves 17/11/2025 9617   541.9 COO bsu25110204 17/11/2025 008 17/11/2025 Books Materials available in hard copy.
    Dewey Decimal Classification     Main Library Main Library Open Shelves 17/11/2025 8777   541.9 COO bsu25110206 17/11/2025 009 17/11/2025 Books Materials available in hard copy.

© 2017 Bishop Stuart University Library. All Rights Reserved.
Kakoba Campus, Plot 150 Buremba Road | P.O. Box 9, Mbarara, UGANDA | Tel: +256-772-463068
Email: library@bsu.ac.ug